| 000 | 00830cam a22002531 4500 | ||
|---|---|---|---|
| 001 | sa 63003627 | ||
| 003 | DLC | ||
| 005 | 20260227111943.0 | ||
| 008 | 841116s1962 ii b 000 0 eng | ||
| 010 | _asa 63003627 | ||
| 035 | _a(OCoLC)11393739 | ||
| 040 |
_aDLC _cPLF _dOCoLC _dDLC |
||
| 042 | _apremarc | ||
| 050 | 0 | 0 |
_aPL4758.2 _b.M3 |
| 100 | 1 |
_aManickam, Valliappa Subramaniam, _d1917- |
|
| 245 | 1 | 4 | _aThe Tamil concept of love. |
| 250 | _a[1st ed.] | ||
| 260 |
_aMadras, _bSouth India Saiva Siddhanta Works Pub. Society, _c1962. |
||
| 300 |
_axii, 339 p. _c20 cm. |
||
| 502 | _a"Thesis ('Love in Sangam poetry') submitted [to the University of Madras] by me for the Ph. D. degree in 1956." | ||
| 504 | _aBibliography: p. [x]-xii. | ||
| 650 | 0 | _aLove in literature. | |
| 650 | 0 |
_aTamil poetry _xHistory and criticism. |
|
| 999 |
_c55210 _d55210 |
||